|
|
|
|
| LEADER |
01378nam a2200385 a 4500 |
| 001 |
000563868 |
| 003 |
CZ BrMZK |
| 005 |
20091026081113.0 |
| 007 |
ta |
| 008 |
010907s2001 xr e cze d |
| 015 |
|
|
|a cnb001005390
|
| 020 |
|
|
|z 80-238-5240-X ardent
|
| 035 |
|
|
|a (OCoLC)48708138
|
| 040 |
|
|
|a BOA001
|b cze
|
| 072 |
|
7 |
|a 623
|x Vojenská technika
|2 Konspekt
|9 19
|
| 080 |
|
|
|a 623.441/.443
|2 MRF
|
| 080 |
|
|
|a 623.455/.456
|2 MRF
|
| 080 |
|
|
|a 623.5
|2 MRF
|
| 080 |
|
|
|a (048.8)
|2 MRF
|
| 100 |
1 |
|
|a Klůc, Antonín,
|d 1933-
|7 jn20011018573
|4 aut
|
| 245 |
1 |
0 |
|a Život mezi zbraněmi /
|c Antonín Klůc, Dana Zlatohlávková
|
| 260 |
|
|
|a Brno :
|b Ardent,
|c 2001
|
| 300 |
|
|
|a 138 s. :
|b il. ;
|c 27 cm
|
| 504 |
|
|
|a Bibliografie na s. 137
|
| 520 |
|
|
|a Anglické resumé
|
| 500 |
|
|
|a Dostupné též v digitální podobě v aplikaci Kramerius
|
| 650 |
0 |
7 |
|a střelné zbraně
|7 ph116324
|2 czenas
|
| 650 |
0 |
7 |
|a střelivo
|7 ph126245
|2 czenas
|
| 650 |
0 |
7 |
|a balistika
|7 ph241152
|2 czenas
|
| 655 |
|
7 |
|a studie
|7 fd133597
|2 czenas
|
| 700 |
1 |
|
|a Zlatohlávková, Dana,
|d 1979-
|7 jn20011018574
|4 aut
|
| 856 |
4 |
1 |
|u http://www.digitalniknihovna.cz/mzk/uuid/uuid:dead8500-c886-11ed-83f1-005056827e52
|y Digitalizovaný dokument
|x NDK
|
| 910 |
|
|
|a BOA001
|b 3-1086.730
|
| 990 |
|
|
|a BK
|
| 996 |
6 |
|
|b 2610137040
|c 3-1086.730
|l MZK
|r Sklad / do 1 hodiny
|n 3
|p p.v.
|w 000563868
|u 000010
|a 1
|e BOA001
|j MZK50
|s P
|